000 01268nam2a22002531 4500
001 RU\NLR\INFOCOMM10\1000079487
005 20250616231723.0
035 _a(NLR Aleph) 002272857
090 _a3968771
_c3968771
100 _a20031124d1925 |||y0rusy50 ca
101 0 _arus
102 _aRU
105 _ay |||||||||
200 1 _aЯкутская экспедиция Академии наук
_fВиттенбург П.В.
210 _d1925
_aБ. м.
461 0 _1001RU\NLR\INFOCOMM10\1000079486
_12001#$aМатериалы Комиссии по изучению Якутской автономной советской социалистической республики$fАкад. наук СССР$vВып.1
_93968759
_aАкадемия наук СССР. Комиссия по изучению Якутской АССР
_cЛ.
_d1925-1930
_fАкад. наук СССР
_tМатериалы Комиссии по изучению Якутской автономной советской социалистической республики
_vВып.1
700 1 _aВиттенбург
_bП.В.
_4070
801 1 _aRU
_bInfoComm
_c20031124
801 0 _aRU
_bNLR
_gPSBO
852 _aNLR
_jП22/1674
942 _cISSUE
980 _aNB
980 _aRUSPER